书目信息 |
| 题名: |
这里才是成都!
|
|
| 作者: | ;谷声图书 编著 | |
| 分册: | ||
| 出版信息: | 北京 电子工业出版社 2013.09 |
|
| 页数: | 177页 | |
| 开本: | 21cm | |
| 丛书名: | “这里才是”城市轻攻略系列 | |
| 单 册: | ||
| 中图分类: | K928.971.1 | |
| 科图分类: | ||
| 主题词: | 旅游指南--成都 , 旅游指南 | |
| 电子资源: | ||
| ISBN: | 978-7-121-20880-5 | |
| 000 | 00906oam2 2200277 450 | |
| 001 | 012013096256 | |
| 005 | 20140610110808.40 | |
| 010 | @a978-7-121-20880-5@dCNY35.00 | |
| 100 | @a20131011d2013 em y0chiy0110 ea | |
| 101 | 0 | @achi |
| 102 | @aCN@b110000 | |
| 105 | @aa z 000yy | |
| 106 | @ar | |
| 200 | 1 | @a这里才是成都!@9zhe li cai shi cheng du !@f谷声图书编著 |
| 210 | @a北京@c电子工业出版社@d2013.09 | |
| 215 | @a177页@c图@d21cm | |
| 225 | 2 | @a“这里才是”城市轻攻略系列 |
| 330 | @a本书分为嗨!成都;这里才是成都!;不可能错过三部分,主要内容包括:出发成都;旅行锦囊;旅行情报;天府广场片区;杜甫草堂片区等。 | |
| 333 | @a旅游爱好者 | |
| 461 | 0 | @12001 @a“这里才是”城市轻攻略系列 |
| 606 | 0 | @a旅游指南@y成都 |
| 606 | 0 | @a旅游指南 |
| 690 | @aK928.971.1@v5 | |
| 711 | 02 | @a谷声图书@9gu sheng tu shu@4编著 |
| 801 | 0 | @aCN@b人天书店@c20131011 |
| 905 | @b846605-07@dK928.971.1@e748@f3 | |
| 这里才是成都!/谷声图书编著.-北京:电子工业出版社,2013.09 |
| 177页:图;21cm.-(“这里才是”城市轻攻略系列) |
| 使用对象:旅游爱好者 |
| ISBN 978-7-121-20880-5:CNY35.00 |
| 本书分为嗨!成都;这里才是成都!;不可能错过三部分,主要内容包括:出发成都;旅行锦囊;旅行情报;天府广场片区;杜甫草堂片区等。 |
| ● |
| 相关链接 |
|
|
|
|
正题名:这里才是成都!
索取号:K928.971.1/748
 
预约/预借
| 序号 | 登录号 | 条形码 | 馆藏地/架位号 | 状态 | 备注 |
| 1 | 846605 | 208466051 | 第二样本阅览室/ [索取号:K928.971.1/748] | 在馆 | |
| 2 | 846606 | 208466060 | 第二借阅区/ [索取号:K928.971.1/748] | 在馆 | |
| 3 | 846607 | 208466079 | 密集书库-资源管理系/ [索取号:K928.971.1/748] | 在馆 |